| 000 | 00561nam a2200229Ia 4500 | ||
|---|---|---|---|
| 003 | OSt | ||
| 005 | 20220918174424.0 | ||
| 006 | a|||||r|||| 00| 0 | ||
| 007 | ta | ||
| 008 | 220917b |||||||| |||| 00| 0 eng d | ||
| 024 | _a12,052 | ||
| 037 | _cTextual | ||
| 040 |
_aARTS _cARTS _beng |
||
| 041 |
_2eng _aeng |
||
| 082 | _a/\2y7, H4 | ||
| 100 | _aRamakrishna | ||
| 245 | 0 | _aGospel of Sri Ramakrishna tr by Nikhilananda | |
| 260 | _c1944 | ||
| 650 | _aSPIRITUALISM | ||
| 942 |
_h/\2y7, H4 _cTEXL _2CC |
||
| 999 |
_c153106 _d153106 |
||